00526nam a2200169Ia 4500003000400000005001700004008004100021020002200062040000700084041000800091082001600099100005900115245010300174260003800277300001200315650002900327OSt20230531114821.0210423s2011 xx 000 0 und d a978-81-908722-2-5 cAL aeng a323.34 PUTG aPUTHENKALAM (John Joseph);THENADIKULAM (George Joseph) aGender democracy and development: dynamics of the political participation of tribal women in India aKeralabLoyola Publicationsc2011 a250bPB aCivil & Political Rights